Industry shows commitment to enabling women to succeed (Record no. 78265)

MARC details
000 -LEADER
fixed length control field 01304cab a2200217 4500
001 - CONTROL NUMBER
control field ##L136388
008 - FIXED-LENGTH DATA ELEMENTS--GENERAL INFORMATION
fixed length control field 070130n2007 000 0 eng u
035 ## - SYSTEM CONTROL NUMBER
System control number (Sirsi) u136388
041 0# - LANGUAGE CODE
Language code of text/sound track or separate title eng
110 1# - MAIN ENTRY--CORPORATE NAME
Corporate name or jurisdiction name as entry element United Kingdom
Subordinate unit Department for Communities and Local Government
9 (RLIN) 4939
245 00 - TITLE STATEMENT
Title Industry shows commitment to enabling women to succeed
Medium [electronic resource]
260 ## - PUBLICATION, DISTRIBUTION, ETC.
Date of publication, distribution, etc. 2007
490 #0 - SERIES STATEMENT
Series statement DCLG News Release
Volume/sequential designation (2007/0015) 30 January 2007
520 ## - SUMMARY, ETC.
Summary, etc. Over 100 companies and organisations, including Women Builders Ltd and other construction firms, have signed up to an Exemplar Employer scheme since September 2006. The schemes aim to reduce the gender pay gap, encourage women to do male dominated jobs, support mothers returning to work, and create better part-time opportunities. Government has also launched a new Quality Part-Time Work Fund for companies to obtain advice on creating and retaining part-time jobs for women at a senior level.
590 ## - LOCAL NOTE (RLIN)
Local note KA NTK
650 24 - SUBJECT ADDED ENTRY--TOPICAL TERM
Topical term or geographic name entry element DCLG EXEMPLAR EMPLOYER SCHEME
651 #4 - SUBJECT ADDED ENTRY--GEOGRAPHIC NAME
Geographic name United Kingdom
Chronological subdivision
690 ## - LOCAL SUBJECT ADDED ENTRY--TOPICAL TERM (OCLC, RLIN)
Topical term or geographic name as entry element CAREERS, EDUCATION AND TRAINING-RICS RAISING THE RATIO CAMPAIGN
856 40 - ELECTRONIC LOCATION AND ACCESS
Uniform Resource Identifier <a href="https://www.communities.gov.uk/index.asp?id=1002882&PressNoticeID=2344">https://www.communities.gov.uk/index.asp?id=1002882&PressNoticeID=2344</a>
Public note View the item free of charge at www.communities.gov.uk...
942 ## - ADDED ENTRY ELEMENTS (KOHA)
Suppress in OPAC 0
Holdings
Withdrawn status Lost status Source of classification or shelving scheme Damaged status Not for loan Home library Current library Shelving location Date acquired Total Checkouts Full call number Barcode Date last seen Copy number Price effective from Koha item type
    Dewey Decimal Classification     Virtual Virtual Online 30/01/2007   ONLINE PUBLICATION 136388-2001 06/08/2019 1 06/08/2019 Journal article